| 000 | 00649nam a2200217 i 4500 | ||
|---|---|---|---|
| 001 | 63661 | ||
| 003 | ES-MaACL | ||
| 005 | 20230906164934.0 | ||
| 007 | t| | ||
| 008 | 031215s1953 sp ||||1| spa d | ||
| 100 | 1 |
_aFiala, Martín. _950667 |
|
| 245 | 1 | 0 |
_aCita a las 9.15 / _cMartín Fiala ; [traducción directa del inglés por Víctor Scholz]. |
| 250 | _a[1ª ed.]. | ||
| 260 |
_aBarcelona : _bA.H.R., _c[1953] ( _fImp. Moderna) |
||
| 300 |
_a247 p. ; _c19 cm. |
||
| 490 | 1 | _aGrandes novelistas | |
| 700 | 1 |
_aScholz, Víctor. _9104643 |
|
| 830 | 0 |
_aGrandes novelistas _9181770 |
|
| 852 |
_aES-MaACL _jC-8837 _bR.34552 |
||
| 999 |
_c63661 _d63661 |
||